Core concepts of government and not-for-profit accounting / (Record no. 3012)
[ view plain ]
| 000 -LEADER | |
|---|---|
| fixed length control field | 01434cam a22002174a 4500 |
| 020 ## - INTERNATIONAL STANDARD BOOK NUMBER | |
| ISBN | 9780471737926 (pbk. : acidfree paper) |
| 050 00 - CALL NUMBER | |
| Classification number | HJ9801 |
| Item number | .G69 2011 |
| 100 1# - AUTHOR | |
| Personal name | Granof, Michael H. |
| 245 10 - TITLE | |
| Title | Core concepts of government and not-for-profit accounting / |
| Statement of responsibility, etc | Michael H. Granof, Penelope S. Wardlow. |
| 250 ## - EDITION | |
| Edition statement | 2nd ed. |
| 260 ## - PUBLICATION INFORMATION | |
| Place of publication | Hoboken, NJ : |
| Name of publisher | John Wiley & Sons, |
| Year of publication | c2011. |
| 300 ## - DESCRIPTION | |
| Number of Pages | xiii, 428 p. : |
| Other physical details | ill. ; |
| Dimensions | 26 cm. |
| 500 ## - NOTES | |
| General note | Includes index. |
| 505 8# - FORMATTED CONTENTS NOTE | |
| Table of Content | Machine generated contents note: -- The Government and Not-for-Profit Environment. -- Fund Accounting and Financial Reporting. -- State and Local Government Financial Reporting - Overview. -- Governmental Activities - Reporting Revenues. -- Governmental Activities - Reporting Expenditures and Expenses. -- Governmental Activities - Accounting for Capital Projects and Debt Service. -- Capital Assets and Investments in Marketable Securities. -- General Long-Term Obligations. -- Business - Type Activities. -- Fiduciary Activities. -- Issues of Reporting, Disclosure, and Financial Analysis. -- Non Government Not-For-Profits. -- Special Issues for Higher Education and Healthcare Entities. |
| 650 #0 - SUBJECTS | |
| Topical Term | Finance, Public |
| General subdivision | Accounting. |
| 650 #0 - SUBJECTS | |
| Topical Term | Finance, Public |
| General subdivision | Accounting |
| -- | Standards |
| 650 #0 - SUBJECTS | |
| Topical Term | Nonprofit organizations |
| General subdivision | Accounting. |
| 650 #0 - SUBJECTS | |
| Topical Term | Nonprofit organizations |
| General subdivision | Accounting |
| -- | Standards |
| 700 1# - OTHER AUTHORS | |
| Personal name | Wardlow, Penelope S. |
| 942 ## - ADDED ENTRY ELEMENTS (KOHA) | |
| Koha item type | Books |
| Withdrawn status | Lost status | Collection code | Home library | Current library | Shelving location | Date acquired | Full call number | Accession Number | Koha item type |
|---|---|---|---|---|---|---|---|---|---|
| Reference | Methodist University Library Main | Methodist University Library Main | General Stacks | 01/11/2013 | HJ9801 .G69 2011 | 38928 | Books | ||
| Reference | Methodist University Library Main | Methodist University Library Main | General Stacks | 01/11/2013 | HJ9801 .G69 2011 | 38929 | Books |